| 000 | 00654nam a22001337a 4500 | ||
|---|---|---|---|
| 040 | _cRUA | ||
| 082 | _aAGR TO 2014 B431 Or.1 | ||
| 100 | _aTO PITOU តូពិទូរ្យ | ||
| 245 | _aComparison of five melon varieties by growth without trellis condition, ប្រៀបធៀបពូជត្រសក់ផ្អែមចំនួនប្រាំប្រភេទក្នុងលក្ខណ្ឌដាំដុះមិនប្រើទ្រើង | ||
| 260 |
_aPhnom Pemh _bRUA _c2014 |
||
| 300 |
_aviii; 59p. _bill. _c29cm. |
||
| 856 | _uhttps://drive.google.com/file/d/1nHAwQDvA6l-eXY1g3WiIZHRKXoI4f2k7/view?usp=sharing | ||
| 942 | _cAGR | ||
| 999 |
_c7016 _d7016 |
||